000 01279nam0a22002651 4500
001 rc\70958
005 20250620170755.0
035 _a(NLR Aleph) 005343744
090 _a6721590
_c6721590
100 _a20021216d1992 |||y0rusy50 ca
101 0 _arus
102 _aRU
105 _aa |||||||||
200 1 _aТенденции развития международных экономических отношений
_eУчеб.-метод. пособие по дисциплинам внешнеэкон. специализации
_fМ-во науки, высш. шк. и техн. политики Рос. Федерации, С.-Петерб. инж.-экон. ин-т им. Пальмиро Тольятти
210 _aСПб.
_cИзд-во СПбИЭИ
_d1992
215 _a[1], 39 с.
_cил.
_d20
225 1 _aОрганизация и планирование внешнеэкономической деятельности предприятия
_vВып. 2
300 _aНа 2-й с. обл. авт.: к.э.н. Е.В. Жгулев
320 _aБиблиогр.: с. 39
700 1 _aЖгулев
_bЕ.В.
_gЕвгений Викторович
801 0 _aRU
_bNLR
_gpsbo
801 1 _aRU
_bELAR
_2rusmarc
852 _aNLR
_j92-4/1029
942 _cBOOK
980 _aNB